| 000 | 01084cam a22003014a 4500 | ||
|---|---|---|---|
| 005 | 20260322212056.0 | ||
| 008 | data | ||
| 010 | _a 2011023803 | ||
| 020 | _a9780760340455 (softcover w/ flaps) | ||
| 020 | _a0760340455 (softcover w/ flaps) | ||
| 040 |
_aDLC _cDLC _dDLC _dBKX _dDLC |
||
| 042 | _apcc | ||
| 050 | 0 | 0 |
_aTL236 _b.L36 2011 |
| 082 | 0 | 0 |
_a388.3/421 _223 |
| 092 | _a388.3 Lam 2011 | ||
| 100 | 1 | _aLamm, John. | |
| 245 | 1 | 0 |
_a365 sports cars you must drive / _cJohn Lamm, Larry Edsall & Steve Sutcliffe. |
| 246 | 3 | _aThree hundred sixty five sports cars you must drive | |
| 260 |
_aMinneapolis : _bMotorbooks, _c2011. |
||
| 300 |
_a320 p. : _bcol. ill. : _c21 cm. |
||
| 650 | 0 | _aSports cars. | |
| 700 | 1 | _aEdsall, Larry. | |
| 700 | 1 | _aSutcliffe, Steve. | |
| 906 |
_a7 _bcbc _corignew _d1 _eecip _f20 _gy-gencatlg |
||
| 925 | 0 |
_aacquire _b2 shelf copies _xpolicy default |
|
| 955 |
_wrd14 2011-06-28 _frc20 2012-01-10 Z-CipVer to BCCD _txn02 2012-04-20 copy 2 added |
||
| 001 | data | ||
| 999 |
_c1332 _d1332 |
||